Rozvojová štúdia regiónu Gemer - Malohont - Novohrad

Bibliographic Details
Main Authors: Červenáková, Janka (Author), Pažitný, Peter, 1976- (Author), Rusnák, Peter (Author)
Format: Book
Language:Slovak
PhysicalDescription:32 s. mp., tab. 29 cm
Published: Bratislava M.E.S.A. 10 2000
ISBN:8096829351
Subjects:

MARC

LEADER 00000cam a2200000 a 4500
001 vtls001423284
003 SK-MaSNL
005 20260301072402.0
008 240318s2000 xo a r 00000 slo
015 |a SNBE2002/03-01077 
020 |a 8096829351 
035 |a SNK000378157 
040 |a SNK  |b slo  |c SNK  |e AACR2 
041 0 |a slo 
044 |a xo  |c SK 
080 |a 338.2(437.6-12)  |2 1981 
100 1 |a Červenáková, Janka  |4 aut  |9 391748 
245 1 0 |a Rozvojová štúdia regiónu Gemer - Malohont - Novohrad  |c na vypracovaní štúdie sa podieľali: Janka Červenáková, Peter Pažitný, Peter Rusnák 
260 |a Bratislava  |b M.E.S.A. 10  |c 2000 
300 |a 32 s.  |b mp., tab.  |c 29 cm 
500 |a 100 výt. 
650 0 7 |a regióny  |2 SNK  |9 2350 
650 0 7 |a regionálny rozvoj  |2 SNK  |9 2352 
651 7 |a Gemer (Slovensko : región)  |2 SNK  |9 173411 
651 7 |a Malohont (Gemer, Slovensko : región)  |2 SNK  |9 172288 
651 7 |a Novohrad (Slovensko : región)  |2 SNK  |9 169944 
655 7 |a informačné publikácie  |2 SNK  |9 70181 
700 1 |a Pažitný, Peter,  |d 1976-  |4 aut  |9 224964 
700 1 |a Rusnák, Peter  |4 aut  |9 5405 
919 |a 80-968293-5-1 
958 |a TL 
958 |a BQ 
999 |c 640860  |d 642790 
952 |t P60, <03>, [BOOK], {603}  |a SNK  |b SNK  |y PREZ  |7 0  |p 17A0320725  |o snkOSB 13091  |i snkKSP 12489/2001  |0 0  |1 0  |4 0  |d 2001-11-05  |l 0  |r 2005-01-02 00:00:00  |w 2026-02-23 
952 |t P60, <04>, [BOOK], {604}  |a SNK  |b SNK  |y VYP  |7 0  |p 17A0320726  |o snkOSB 13091 D1  |i snkKSP 12490/2001  |0 0  |1 0  |4 0  |d 2001-11-05  |l 0  |r 2005-01-02 00:00:00  |w 2026-02-23